Ładuje się......

Advances in forestry research in India-Vol.XXVIII

Opis bibliograficzny
1. autor: SK Mukherjee
Format: Printed Book
Język:Undetermined
Wydane: Dehra Dun International book distributors 2004
Hasła przedmiotowe:
LEADER 00745nam a2200253Ia 4500
008 141004s9999 xx 000 0 und d
020 |a 0971 6394 
040 |c a 
041 |a English 
082 |a 634.9 
082 |b MUK/AD 
100 |a SK Mukherjee 
245 |a Advances in forestry research in India-Vol.XXVIII 
245 |c SK Mukherjee 
260 |a Dehra Dun 
260 |b International book distributors 
260 |c 2004 
300 |a 214 p.  
300 |b 22 cm 
501 |a AL1-3  
650 |a Forestry 
942 |c BK 
999 |c 173760  |d 173760 
952 |0 0  |1 0  |4 0  |6 634_901000000000000  |7 0  |9 178800  |a KAUCOF  |b KAUCOF  |f 14A4  |o 634.901  |p KAU_COF-4367  |r 2014-10-04  |w 2014-10-04  |y BK